| 000 | 01022cad a22002055a 4500 | ||
|---|---|---|---|
| 001 | L140452 | ||
| 008 | 070924s2010 xxk f 000 0 eng d | ||
| 035 | _a(Sirsi) u140452 | ||
| 041 | 0 | _aeng | |
| 110 | 2 |
_aUnited Kingdom _bLand Registry _94774 |
|
| 245 | 0 | 0 |
_aDeveloping estates _bregistration services _h[electronic resource] |
| 260 |
_a[S.l] _bLand Registry _c2010 |
||
| 490 |
_aLand Registry Practice Guide _v(41) |
||
| 520 | _aGives an overview of relevant Land Registry services to those involved in the registration of developing estates. Explains how early resolution of boundary problems can improve cost effectiveness and reduce delays. For supplements see L14055, L14056, L14058, L140461, L140463 and L140464. | ||
| 650 | 2 | 4 | _aLAND REGISTRATION ACT 2002 |
| 651 | 4 |
_aEngland and Wales _y1543- |
|
| 690 | _aPROPERTY-COMMERCIAL PROPERTY-COMMERCIAL PROPERTY DEVELOPMENT | ||
| 856 | 4 | 0 |
_uhttps://www.landreg.gov.uk/upload/documents/pg41.html _zView this document free of charge at www.landreg.gov.uk... |
| 942 | _n0 | ||
| 999 |
_c79277 _d79277 |
||